| 000 | 00867nas a2200301 4500 | ||
|---|---|---|---|
| 001 | BR0702583 | ||
| 003 | BR-BrBNA | ||
| 005 | 20231205110807.0 | ||
| 007 | ta | ||
| 008 | 230509b bl.|||p| |||| 00| 00por d | ||
| 040 |
_aBR-BrBNA _bpor _cBiblioteca Nacional de Agricultura |
||
| 041 | _a(Pt) | ||
| 072 | _aL72; L73 | ||
| 100 | 1 | _aFighera, R.A. | |
| 100 | 1 | _aSouza, T.M. de | |
| 100 | 1 | _aBarros, C.S.L. de | |
| 245 | 1 | _aAcidente provocado por picada de abelhas como causa de morte de cães | |
| 650 | _aABELHA | ||
| 650 | _aCÃO | ||
| 650 | _aACIDENTE | ||
| 650 | _aMORTALIDADE ANIMAL | ||
| 650 | _aICTERÍCIA | ||
| 650 | _aHEMOGLOBINÚRIA | ||
| 650 | _aINTOXICAÇÃO ANIMAL | ||
| 773 | 0 |
_tCiência Rural (Brazil) _xISSN 0103-8478 _g(Mar-Apr 2007), v. 37(2) p. 590-593 _wBR0702583 |
|
| 909 |
_a202311 _bLúcia _c55 _dLúcia Elande |
||
| 942 |
_2AGRIS _n0 _cANA |
||
| 999 |
_c189092 _d189092 |
||